[Event "SVK-chT2C 1920"]
[Site "Slovakia"]
[Date "2020.02.16"]
[Round "9.5"]
[White "Staffen, Richard"]
[Black "Klein, Peter"]
[Result "1/2-1/2"]
[WhiteElo "1976"]
[BlackElo "1947"]
[PlyCount "44"]
[EventDate "2019.10.26"]
[EventType "team-tourn"]
[EventRounds "11"]
[EventCountry "SVK"]
[SourceTitle "CBM 195 Extra"]
[Source "ChessBase"]
[SourceDate "2020.05.31"]
[SourceVersion "1"]
[SourceVersionDate "2020.05.31"]
[SourceQuality "1"]
[WhiteTeam "Zilina Mladost II"]
[BlackTeam "Filakovo"]
[WhiteTeamCountry "SVK"]
[BlackTeamCountry "SVK"]

1. d4 Nf6 2. Bf4 d6 3. Nc3 g6 4. e4 Bg7 5. Qd2 0-0 6. 0-0-0 c6 7. Bh6 b5 8. Bxg7 Kxg7 9. f3 Qa5 10. h4 b4 11. Nb1 Qxa2 12. h5 Nbd7 13. hxg6 fxg6 14. Qh6+ Kf7 15. Nh3 Ke8 16. Ng5 Nb6 17. Nxh7 Nxh7 18. Qxh7 Na4 19. Qxg6+ Kd8 20. Qg7 Qxb2+ 21. Kd2 Re8 22. Bd3 a5 1/2-1/2

[Event "SVK-chT2C 1920"]
[Site "Slovakia"]
[Date "2019.12.15"]
[Round "6.5"]
[White "Klein, Peter"]
[Black "Szabo, Ladislav1111"]
[Result "1-0"]
[WhiteElo "1947"]
[BlackElo "1510"]
[PlyCount "33"]
[EventDate "2019.10.26"]
[EventType "team-tourn"]
[EventRounds "11"]
[EventCountry "SVK"]
[SourceTitle "CBM 194 Extra"]
[Source "ChessBase"]
[SourceDate "2020.03.31"]
[SourceVersion "1"]
[SourceVersionDate "2020.03.31"]
[SourceQuality "1"]
[WhiteTeam "Filakovo"]
[BlackTeam "Vinica"]
[WhiteTeamCountry "SVK"]
[BlackTeamCountry "SVK"]

1. e4 e5 2. Nf3 Nc6 3. d4 exd4 4. Bc4 h6 5. Nxd4 Nxd4 6. Qxd4 d6 7. 0-0 Be6 8. Bxe6 fxe6 9. Nc3 e5 10. Qc4 c6 11. Be3 Nf6 12. f4 Nd7 13. Rad1 Qc7 14. Qe6+ Kd8 15. fxe5 g5 16. exd6 Qa5 17. Rf7 1-0

[Event "SVK-chT2C 1920"]
[Site "Slovakia"]
[Date "2019.11.16"]
[Round "3.6"]
[White "Mikulec, Martin"]
[Black "Klein, Peter"]
[Result "1-0"]
[WhiteElo "1861"]
[BlackElo "1947"]
[PlyCount "53"]
[EventDate "2019.10.26"]
[EventType "team-tourn"]
[EventRounds "11"]
[EventCountry "SVK"]
[SourceTitle "CBM 193 Extra"]
[Source "ChessBase"]
[SourceDate "2020.01.31"]
[SourceVersion "1"]
[SourceVersionDate "2020.01.31"]
[SourceQuality "1"]
[WhiteTeam "Banska Bystrica Veza"]
[BlackTeam "Filakovo"]
[WhiteTeamCountry "SVK"]
[BlackTeamCountry "SVK"]

1. e4 d5 2. exd5 Nf6 3. Nf3 Nxd5 4. d4 Bg4 5. h3 Bf5 6. Bd3 Bxd3 7. Qxd3 e6 8. a3 Be7 9. 0-0 0-0 10. c4 Nb6 11. Nc3 c5 12. d5 exd5 13. Nxd5 Nxd5 14. cxd5 Qd6 15. Qe4 Bf6 16. Bf4 Qa6 17. Rab1 Nd7 18. Qf5 Nb6 19. Ng5 Bxg5 20. Bxg5 Nc8 21. Rfe1 Nd6 22. Qg4 Rfe8 23. Be7 f5 24. Qf4 Ne4 25. d6 c4 26. Qxf5 Nf6 27. Bxf6 1-0

[Event "SVK-chT2C 1819"]
[Site "Slovakia"]
[Date "2019.03.03"]
[Round "9.6"]
[White "Klein, Peter"]
[Black "Brnusak, Tomas"]
[Result "1/2-1/2"]
[WhiteElo "2022"]
[BlackElo "1944"]
[PlyCount "66"]
[EventDate "2018.10.13"]
[EventType "team-tourn"]
[EventRounds "11"]
[EventCountry "SVK"]
[SourceTitle "CBM 189 Extra"]
[Source "ChessBase"]
[SourceDate "2019.06.03"]
[SourceVersion "1"]
[SourceVersionDate "2019.06.03"]
[SourceQuality "1"]
[WhiteTeam "Filakovo"]
[BlackTeam "Liptov Chess School III"]
[WhiteTeamCountry "SVK"]
[BlackTeamCountry "SVK"]

1. e4 c5 2. Nc3 e6 3. g3 Nc6 4. Bg2 g6 5. d3 Bg7 6. f4 Nge7 7. Nf3 d5 8. Bd2 a6 9. Rb1 b5 10. a3 Bb7 11. 0-0 0-0 12. Nh4 Nd4 13. Ne2 f5 14. c3 Ndc6 15. Nf3 h6 16. e5 Qc7 17. Be3 c4 18. Qe1 cxd3 19. Nc1 Na5 20. Nxd3 Nb3 21. Nd4 Nxd4 22. Bxd4 Nc6 23. Nc5 Nxd4 24. cxd4 Qb6 25. Qe3 Rfd8 26. Rfc1 Bf8 27. b4 Bxc5 28. bxc5 Qc7 29. Bf1 Bc6 30. Rb2 Rdb8 31. Bd3 Rb7 32. Qd2 Rab8 33. Rcb1 a5 1/2-1/2

[Event "SVK-chT2C 1718"]
[Site "Slovakia"]
[Date "2018.03.18"]
[Round "11.3"]
[White "Klein, Peter"]
[Black "Brhel, Jan"]
[Result "1/2-1/2"]
[WhiteElo "1998"]
[BlackElo "2091"]
[PlyCount "37"]
[EventDate "2017.10.28"]
[EventType "team-tourn"]
[EventRounds "11"]
[EventCountry "SVK"]
[SourceTitle "EXT 2020"]
[Source "ChessBase"]
[SourceDate "2019.10.17"]
[SourceVersion "1"]
[SourceVersionDate "2019.10.17"]
[SourceQuality "1"]
[WhiteTeam "Filakovo"]
[BlackTeam "Dunajov Inbest II"]
[WhiteTeamCountry "SVK"]
[BlackTeamCountry "SVK"]

1. e4 e6 2. d4 d5 3. Nd2 dxe4 4. Nxe4 Nd7 5. Nf3 Ngf6 6. Ng3 c5 7. c3 Qc7 8. Bb5 a6 9. Ba4 b5 10. Bc2 Bb7 11. 0-0 Be7 12. Re1 0-0 13. Bg5 h6 14. Bxf6 Nxf6 15. Ne4 Rad8 16. Qe2 Nxe4 17. Bxe4 Bxe4 18. Qxe4 cxd4 19. Nxd4 1/2-1/2

[Event "SVK-chT2C 1718"]
[Site "Slovakia"]
[Date "2017.11.26"]
[Round "4.5"]
[White "Balala, Anton"]
[Black "Klein, Peter"]
[Result "0-1"]
[WhiteElo "1776"]
[BlackElo "1964"]
[PlyCount "34"]
[EventDate "2017.10.28"]
[EventType "team-tourn"]
[EventRounds "11"]
[EventCountry "SVK"]
[SourceTitle "CBM 181 Extra"]
[Source "ChessBase"]
[SourceDate "2017.12.12"]
[SourceVersion "1"]
[SourceVersionDate "2017.12.12"]
[SourceQuality "1"]
[WhiteTeam "Liptovska Stiavnica"]
[BlackTeam "Filakovo"]
[WhiteTeamCountry "SVK"]
[BlackTeamCountry "SVK"]

1. e4 d5 2. exd5 Nf6 3. d4 Nxd5 4. c4 Nb6 5. Be3 e5 6. Nc3 exd4 7. Qxd4 Qxd4 8. Bxd4 Nc6 9. Bxb6 axb6 10. Nb5 Bb4+ 11. Kd1 Bg4+ 12. Be2 0-0-0+ 13. Kc1 Bd2+ 14. Kc2 Bf5+ 15. Kb3 Na5+ 16. Ka3 Rhe8 17. b3 c6 0-1

[Event "SVK-chT2C 1516"]
[Site "Slovakia"]
[Date "2016.01.24"]
[Round "7.8"]
[White "Turcan, Richard"]
[Black "Klein, Peter"]
[Result "1/2-1/2"]
[WhiteElo "1889"]
[BlackElo "1970"]
[PlyCount "58"]
[EventDate "2015.10.17"]
[EventType "team-tourn"]
[EventRounds "11"]
[EventCountry "SVK"]
[SourceTitle "CBM 170 Extra"]
[Source "ChessBase"]
[SourceDate "2016.02.25"]
[SourceVersion "1"]
[SourceVersionDate "2016.02.25"]
[SourceQuality "1"]
[WhiteTeam "Banska Bystrica Veza"]
[BlackTeam "Filakovo"]
[WhiteTeamCountry "SVK"]
[BlackTeamCountry "SVK"]

1. d4 g6 2. Nf3 Bg7 3. g3 d6 4. Bg2 Nd7 5. 0-0 e5 6. c3 Ne7 7. Nbd2 0-0 8. Re1 f5 9. Qb3+ d5 10. dxe5 Nxe5 11. Nxe5 Bxe5 12. Nf3 Bg7 13. Bg5 c6 14. Rad1 h6 15. Bf4 g5 16. Be3 Qc7 17. Bd4 Ng6 18. e4 fxe4 19. Rxe4 Qf7 20. Re2 b6 21. Qa4 Bd7 22. Bxg7 Qxg7 23. Rde1 Rf7 24. Qd4 Raf8 25. Qxg7+ Kxg7 26. Nd4 g4 27. Rd2 Ne7 28. Ne6+ Bxe6 29. Rxe6 Rc8 1/2-1/2

[Event "SVK-chT2C 1516"]
[Site "Slovakia"]
[Date "2015.11.07"]
[Round "3.7"]
[White "Adamciak, Tomas"]
[Black "Klein, Peter"]
[Result "1-0"]
[WhiteElo "1982"]
[BlackElo "1980"]
[PlyCount "83"]
[EventDate "2015.10.17"]
[EventType "team-tourn"]
[EventRounds "11"]
[EventCountry "SVK"]
[SourceTitle "CBM 169 Extra"]
[Source "ChessBase"]
[SourceDate "2015.12.18"]
[SourceVersion "1"]
[SourceVersionDate "2015.12.18"]
[SourceQuality "1"]
[WhiteTeam "Liptov Chess School III"]
[BlackTeam "Filakovo"]
[WhiteTeamCountry "SVK"]
[BlackTeamCountry "SVK"]

1. Nf3 d5 2. d4 Nf6 3. e3 Bg4 4. c4 e6 5. Qb3 Bxf3 6. Qxb7 Bxg2 7. Bxg2 Nbd7 8. cxd5 exd5 9. Nc3 Nb6 10. 0-0 Bd6 11. Qc6+ Kf8 12. Nb5 Qe8 13. Qxe8+ Nxe8 14. Nxd6 Nxd6 15. b3 f5 16. Ba3 Ke7 17. Rfc1 Kd7 18. Bf1 a6 19. Rc2 Rhc8 20. Rac1 Ra7 21. Rc6 Raa8 22. Bb4 Nb7 23. Bg2 Nd8 24. R6c5 c6 25. Ba5 Rcb8 26. f3 Ke6 27. Rxc6+ Nxc6 28. Rxc6+ Kd7 29. Rxb6 Rc8 30. Rb7+ Ke6 31. Bc7 a5 32. Bf1 g5 33. Bb5 h5 34. Rb6+ Kf7 35. Bc6 Ra7 36. Bxd5+ Kg7 37. Be5+ Kh7 38. Bc4 a4 39. d5 axb3 40. axb3 Re8 41. Re6 Rc8 42. d6 1-0

[Event "SVK-chT1E 1314"]
[Site "Slovakia"]
[Date "2014.03.01"]
[Round "8.6"]
[White "Klein, Peter"]
[Black "Veselovsky, Jan"]
[Result "0-1"]
[WhiteElo "2027"]
[BlackElo "2019"]
[PlyCount "134"]
[EventDate "2013.10.12"]
[EventType "team-tourn"]
[EventRounds "11"]
[EventCountry "SVK"]
[SourceTitle "EXT 2015"]
[Source "ChessBase"]
[SourceDate "2014.11.20"]
[SourceVersion "1"]
[SourceVersionDate "2014.11.20"]
[SourceQuality "1"]
[WhiteTeam "Filakovo"]
[BlackTeam "Bardejov"]
[WhiteTeamCountry "SVK"]
[BlackTeamCountry "SVK"]

1. e4 c6 2. d4 d5 3. Nd2 dxe4 4. Nxe4 Nd7 5. Nf3 Ngf6 6. Ng3 e6 7. c3 c5 8. Be2 Qc7 9. 0-0 Be7 10. Bg5 0-0 11. Re1 Re8 12. Qd2 b6 13. Bb5 a6 14. Bxd7 Qxd7 15. Bxf6 Bxf6 16. dxc5 bxc5 17. Ne4 Be7 18. Rad1 Qc7 19. c4 h6 20. h3 Rd8 21. Qe3 Bb7 22. b3 Rac8 23. Ng3 Qc6 24. Rd3 Rxd3 25. Qxd3 Rd8 26. Qe4 Qc7 27. Qe2 Qd7 28. Ne5 Qd2 29. Qxd2 Rxd2 30. Re2 Rd4 31. Kh2 Bd6 32. Nf3 g6 33. h4 Kg7 34. Kh3 f6 35. Nh2 e5 36. Ngf1 f5 37. Rd2 Rxd2 38. Nxd2 e4 39. g3 g5 40. hxg5 hxg5 41. Nhf1 f4 42. Nb1 Kf6 43. Na3 Bc8+ 44. g4 Ke5 45. Nc2 Be6 46. Nd2 Bf7 47. Kg2 Bg6 48. a3 e3 49. Nf3+ Kf6 50. Nfe1 exf2 51. Kxf2 Be4 52. Ke2 Be5 53. b4 cxb4 54. axb4 Bc6 55. Nd3 Bc3 56. Nc5 Ke5 57. Nxa6 f3+ 58. Kd3 Be4+ 59. Kxc3 Bxc2 60. Kd2 Kf4 61. Ke1 Kg3 62. Nc5 Kg2 63. Kd2 f2 64. Kxc2 f1Q 65. Kb3 Qf3+ 66. Ka4 Qxg4 67. Kb3 Qd4 0-1

[Event "SVK-chT1E 1314"]
[Site "Slovakia"]
[Date "2013.12.15"]
[Round "6.3"]
[White "Zambor, Norbert"]
[Black "Klein, Peter"]
[Result "1-0"]
[WhiteElo "2303"]
[BlackElo "2027"]
[PlyCount "47"]
[EventDate "2013.10.12"]
[EventType "team-tourn"]
[EventRounds "11"]
[EventCountry "SVK"]
[SourceTitle "EXT 2015"]
[Source "ChessBase"]
[SourceDate "2014.11.20"]
[SourceVersion "1"]
[SourceVersionDate "2014.11.20"]
[SourceQuality "1"]
[WhiteTeam "Prakovce"]
[BlackTeam "Filakovo"]
[WhiteTeamCountry "SVK"]
[BlackTeamCountry "SVK"]

1. e4 d5 2. exd5 Nf6 3. d4 Nxd5 4. Nf3 Bg4 5. c4 Nb6 6. c5 Nd5 7. Bc4 Nc6 8. Qb3 Bxf3 9. Qxf3 e6 10. Be3 Be7 11. Nc3 Nxc3 12. bxc3 0-0 13. 0-0 Bf6 14. Rab1 Na5 15. Bd3 b6 16. Rfd1 g6 17. Be4 Rb8 18. Qe2 Qc8 19. Qb5 c6 20. Qa4 Qc7 21. cxb6 axb6 22. c4 Rfc8 23. g3 Nb7 24. Qb3 1-0

[Event "SVK-chT1E 1314"]
[Site "Slovakia"]
[Date "2013.11.16"]
[Round "3.7"]
[White "Klein, Peter"]
[Black "Cech, Dominik"]
[Result "0-1"]
[WhiteElo "2027"]
[BlackElo "2106"]
[PlyCount "80"]
[EventDate "2013.10.12"]
[EventType "team-tourn"]
[EventRounds "11"]
[EventCountry "SVK"]
[SourceTitle "EXT 2015"]
[Source "ChessBase"]
[SourceDate "2014.11.20"]
[SourceVersion "1"]
[SourceVersionDate "2014.11.20"]
[SourceQuality "1"]
[WhiteTeam "Filakovo"]
[BlackTeam "Michalovce Zemplin"]
[WhiteTeamCountry "SVK"]
[BlackTeamCountry "SVK"]

1. e4 c5 2. Nc3 Nc6 3. g3 g6 4. Bg2 Bg7 5. d3 d6 6. f4 Nf6 7. Nf3 Bg4 8. 0-0 0-0 9. h3 Bxf3 10. Bxf3 Rb8 11. Be3 Nd7 12. g4 Nd4 13. Bg2 b5 14. Rb1 b4 15. Ne2 Nxe2+ 16. Qxe2 Qa5 17. g5 Qxa2 18. Ra1 Qxb2 19. Rxa7 Rfd8 20. Qg4 e6 21. Qe2 Ra8 22. Rxa8 Rxa8 23. f5 Ra1 24. f6 Bf8 25. Rxa1 Qxa1+ 26. Kf2 Nb6 27. h4 Na4 28. Bh3 Nc3 29. Qd2 Qb1 30. Kg2 Nb5 31. Bg4 Na3 32. Bd1 Qa2 33. Qf2 Qa1 34. Bg4 Qb1 35. Bxe6 Qxc2 36. Bd5 Qxd3 37. Kf3 Nc4 38. Kf4 Ne5 39. Qa2 Qf1+ 40. Qf2 Nd3+ 0-1

[Event "SVK-chT1E 1314"]
[Site "Slovakia"]
[Date "2013.10.13"]
[Round "2.7"]
[White "Gajdosik, Andrej"]
[Black "Klein, Peter"]
[Result "1/2-1/2"]
[WhiteElo "2049"]
[BlackElo "2027"]
[PlyCount "32"]
[EventDate "2013.10.12"]
[EventType "team-tourn"]
[EventRounds "11"]
[EventCountry "SVK"]
[SourceTitle "EXT 2015"]
[Source "ChessBase"]
[SourceDate "2014.11.20"]
[SourceVersion "1"]
[SourceVersionDate "2014.11.20"]
[SourceQuality "1"]
[WhiteTeam "Zilina Mladost"]
[BlackTeam "Filakovo"]
[WhiteTeamCountry "SVK"]
[BlackTeamCountry "SVK"]

1. e4 d5 2. exd5 Nf6 3. Nf3 Nxd5 4. d4 g6 5. Be2 Bg7 6. 0-0 0-0 7. c4 Nb6 8. Nc3 Nc6 9. d5 Ne5 10. Qb3 Nbd7 11. Ne4 Nxf3+ 12. Bxf3 Ne5 13. Be2 b6 14. Bg5 h6 15. Bf4 g5 16. Bd2 f5 1/2-1/2

[Event "SVK-chT1E 1213"]
[Site "Slovakia"]
[Date "2013.03.24"]
[Round "11.6"]
[White "Klein, Peter"]
[Black "Marsina, Stefan"]
[Result "1/2-1/2"]
[WhiteElo "2014"]
[BlackElo "1956"]
[PlyCount "24"]
[EventDate "2012.10.20"]
[EventType "team-tourn"]
[EventRounds "11"]
[EventCountry "SVK"]
[SourceTitle "EXT 2015"]
[Source "ChessBase"]
[SourceDate "2014.11.20"]
[SourceVersion "1"]
[SourceVersionDate "2014.11.20"]
[SourceQuality "1"]
[WhiteTeam "Filakovo"]
[BlackTeam "Rajecke Teplice"]
[WhiteTeamCountry "SVK"]
[BlackTeamCountry "SVK"]

1. e4 e6 2. d4 d5 3. Nd2 Nf6 4. e5 Nfd7 5. Bd3 c5 6. c3 Nc6 7. Ne2 cxd4 8. cxd4 f6 9. exf6 Nxf6 10. 0-0 Bd6 11. Nf3 0-0 12. Bg5 Bd7 1/2-1/2